On This Day: April 6th II Quiz Stats

 Plays Quiz Updated Apr 6, 2018

Score 0/7 Timer 03:00
0 Plays Today
Question Answer Wrong Answers
This Canadian statesman, a media sensation whose personality dominated the Canadian political scene for over a decade, wins the Liberal Leadership Election, and becomes Prime Minister soon after.
1968
Pierre Trudeau
85.7%
John Turner
4.9%
Lester B. Pearson
5.5%
Joe Clark
2.2%
After losing a libel case against the Marquess of Queensberry, this Irish author is arrested in London on charges of gross indecency.
1895
Oscar Wilde
73.6%
James Joyce
18.1%
Edgar Allan Poe
4.2%
Charles Dickens
3.7%
This international armed conflict, part of the breakup of Yugoslavia, begins.
1992
Bosnian War
67.5%
Kosovo War
22.2%
Gulf War
3.7%
Ten-Day War
4.1%
At the conclusion of the Salt March, Mahatma Gandhi raises a lump of salty mud and declares, ‘With this, I am shaking the foundations of the ______.’
1930
British Empire
67.1%
World
20.9%
Indian Subcontinent
4.8%
Past
6.1%
In response to low wages and rising food costs, the 2008 ______ general strike begins, which was promoted and expanded by activists using the Internet and cell phones.
2008
Egyptian
48%
Polish
17.7%
Ukrainian
23%
Iraqi
8.5%
John Jacob Astor incorporates the American ______ Company that would eventually make him America's first multi-millionaire.
1808
Fur
42.6%
Tobacco
10.4%
Steel
22.2%
Oil
24.8%
This American actor, known for films like ‘The 40-Year-Old Virgin’ and ‘Ant-Man’, is born.
1969
Paul Rudd
42.1%
Steve Carell
51.1%
Chadwick Boseman
1.1%
Jason Segel
3.5%

You're not logged in!

Compare scores with friends on all Sporcle quizzes.
OR
Log In

Sporcle TV

Today on Sporcle TV


Watch our educational content, quiz creation guides, and fun videos on Sporcle TV.

Show Comments

Extras

Top Quizzes Today


Score Distribution

Your Account Isn't Verified!

In order to create a playlist on Sporcle, you need to verify the email address you used during registration. Go to your Sporcle Settings to finish the process.

Report this User

Report this user for behavior that violates our Community Guidelines.

Details: